000 00447 a2200169 4500
003 Nust
005 20170207153352.0
040 _cNust
082 _a005.1
100 _aHussain , Capt Rashid BESE-04
245 _aVisual internet studio (Hard / Softcopy)
_cCapt Rashid Hussain & Capt Adnan Chaudhry BESE-04
260 _bMCS
_cApril 2002
300 _a136 p
538 _aAlmirah No 71 Shelf No 3
650 _aUG Projects
651 _aUG CS Projects
942 _cTHS
999 _c184600
_d184600